000 00942nam a22002897a 4500
001 BR2012003764
003 BR-BrBNA
005 20230928104002.0
007 ta
008 230509b bl.||||| |||| 00| 0 por d
040 _aBR-BrBNA
_bpor
_cBiblioteca Nacional de Agricultura
041 _a(Por)
072 _aE40
090 _ E40 BR2012003764
100 1 _aCosta, L. (ed.)
110 1 _aSindicato e Organização das Cooperativas do Distrito Federal, Brasília, DF (Brasil)
_99537
110 1 _aServiço Nacional de Aprendizagem do Cooperativismo, Brasília, DF (Brasil)
_99445
245 1 _aCooperativismo no DF
_bRelatório de Gestão 2005 OCDF-Sescoop-DF
260 3 _aBrasília, DF (Brasil):
_c2005.
300 _a44 p.
500 _a60 illus.; 4 graphs.; 3 tables
650 _aCOOPERATIVISMO
650 _aCOOPERATIVA
650 _aPOLÍTICA DE DESENVOLVIMENTO
909 _a202309
_bLucia
_c55
_dLucia Elande
942 _cBK
999 _c77558
_d77558